Konkurencieschopnosť európskych destinácií cestovného ruchu: Hodnotenie komplexného indexu konkurencieschopnosti

Pojem konkurencieschopnosť destinácie. Metodické zhodnotenie modelu konkurencieschopnosti v cestovnom ruchu. Hodnotenie indexu konkurencieschopnosti cestovného ruchu v Európe. Dimenzia podnikateľského prostredia a infraštruktúry cestovného ruchu v destináciách Európy.

Guardado en:
Detalles Bibliográficos
Autor principal: Bucher, Slavomír
Formato: Capítulo de libro
Lenguaje:eslovaco
Materias:
Etiquetas: Agregar Etiqueta
Sin Etiquetas, Sea el primero en etiquetar este registro!

MARC

LEADER 00000naa a2200000 4500
001 0208309
005 20231208074327.5
041 0 |a slo 
044 |a SK 
245 1 0 |a Konkurencieschopnosť európskych destinácií cestovného ruchu: Hodnotenie komplexného indexu konkurencieschopnosti  |c Slavomír Bucher 
520 |a Pojem konkurencieschopnosť destinácie. Metodické zhodnotenie modelu konkurencieschopnosti v cestovnom ruchu. Hodnotenie indexu konkurencieschopnosti cestovného ruchu v Európe. Dimenzia podnikateľského prostredia a infraštruktúry cestovného ruchu v destináciách Európy. 
610 2 0 |a ruch cestovný 
610 2 0 |a Európa 
610 2 0 |a konkurencieschopnosť 
610 2 0 |a zdroje ľudské 
610 2 0 |a prostredie podnikateľské 
610 2 0 |a infraštruktúra 
100 1 |a Bucher, Slavomír